| 000 | 01200nam a2200229Ia 4500 | ||
|---|---|---|---|
| 003 | Ost | ||
| 005 | 20260507075212.0 | ||
| 008 | 260507s9999||||xx |||||||||||||| ||und|| | ||
| 020 | _a76162499579 | ||
| 040 | _cfsecg | ||
| 041 | _aara | ||
| 082 | _a330 | ||
| 100 |
_aالنسور، اياد عبد الفتاح _eمؤلف |
||
| 245 | 0 |
_aأساليب التحليل الكمي : _bمدخل لدراسة التسويق الحديث / _c اياد عبد الفتاح النسور |
|
| 260 |
_aعمان: _bدار صفاء, _c2011 |
||
| 300 |
_a273 صفحة؛ _bإيضاحات ؛ _c25 سم |
||
| 520 | _aمقدمة في التحليل الكمي و نماذج الانحدار الثنائي ، الانحدار المتعدد ، المناهج الكمية في التسعير ، التنبؤ بالكلب ، سلاسل ماركوف و اختيار السوق ، نماذج نظرية الانتظار ، نماذج مشاكل النقل و نماذج مشاكل التعيين ، قضايا في دراسة سلوك المستهلك. | ||
| 653 | _aالإحصاء - المعاملات الإرتباطية | ||
| 653 | _aالتحليل الكمي | ||
| 653 | _aالتسويق | ||
| 942 | _cكتاب | ||
| 999 |
_c43476 _d43476 |
||